LEADER 01686nam 2200505 450 001 9910163182003321 005 20180328094237.0 010 $a1-78289-662-7 035 $a(CKB)3710000001046273 035 $a(MiAaPQ)EBC5625995 035 $a(OCoLC)58465134 035 $a(EXLCZ)993710000001046273 100 $a20190213h20142003 uy 0 101 0 $aeng 135 $aurcnu|||||||| 181 $ctxt$2rdacontent 182 $cc$2rdamedia 183 $acr$2rdacarrier 200 10$a"My clan against the world" $eUS and coalition forces in Somalia, 1992-1994 /$fRobert F. Baumann and Lawrence A. Yates with Versalle F. Washington 210 1$aFort Leavenworth, Kansas :$cCombat Studies Institute Press,$d2014. 210 4$dİ2003 215 $a1 online resource (217 pages) 300 $a"CSI Press 04-02"--Back cover. 320 $aIncludes bibliographical references and index. 606 $aOperation Restore Hope, 1992-1993 606 $aUrban warfare$zSomalia$zMogadishu$xHistory$y20th century 607 $aUnited States$xArmed Forces$zSomalia 607 $aSomalia$2fast 607 $aSomalia$zMogadishu$2fast 607 $aUnited States$2fast 608 $aHistory.$2fast 615 0$aOperation Restore Hope, 1992-1993. 615 0$aUrban warfare$xHistory 676 $a967.73053 700 $aBaumann$b Robert F.$01351480 702 $aYates$b Lawrence A. 702 $aWashington$b Versalle F. 712 02$aCombat Studies Institute (U.S.).$bPress, 801 0$bMiAaPQ 801 1$bMiAaPQ 801 2$bMiAaPQ 906 $aBOOK 912 $a9910163182003321 996 $a"My clan against the world"$93110516 997 $aUNINA LEADER 01785nas 2200541 a 450 001 996216565003316 005 20240413020646.0 011 $a1098-2256 035 $a(OCoLC)38745918 035 $a(CKB)954926996199 035 $a(CONSER)sn 98009126 035 $a(DE-599)ZDB2027511-0 035 $a(EXLCZ)99954926996199 100 $a19980319b19911998 sy a 101 0 $aeng 135 $aurcnu||||| 181 $ctxt$2rdacontent 182 $cc$2rdamedia 183 $acr$2rdacarrier 200 10$aEnvironmental toxicology and water quality 210 $a[New York, N.Y.] $cWiley Periodicals, Inc.$dc1991-c1998 300 $aTitle from PDF image (Wiley InterScience; viewed: 10/16/2006). 300 $aPublished: [New York, N.Y.] : Wiley Periodicals, Inc., 1991- ; published: [New York, N.Y.] : John Wiley & Sons, Inc., -1998. 311 $a1053-4725 606 $aWater quality bioassay$vPeriodicals 606 $aWater$xPollution$xToxicology$vPeriodicals 606 $aMicrobiological assay$vPeriodicals 606 $aToxicity testing$vPeriodicals 606 $aEnvironmental Monitoring 606 $aEnvironmental Pollutants 606 $aEnvironmental Pollution 606 $aWater Pollutants 606 $aWater Pollution 608 $aPeriodical. 615 0$aWater quality bioassay 615 0$aWater$xPollution$xToxicology 615 0$aMicrobiological assay 615 0$aToxicity testing 615 2$aEnvironmental Monitoring. 615 2$aEnvironmental Pollutants. 615 2$aEnvironmental Pollution. 615 2$aWater Pollutants. 615 2$aWater Pollution. 676 $a628 906 $aJOURNAL 912 $a996216565003316 996 $aEnvironmental toxicology and water quality$92064357 997 $aUNISA